00623nam a2200205 a 450000100060000000300080000600500170001400800410003103500190007204000270009104100080011808200270012624500950015326000320024830000290028050400270030965000320033670000270036870000220039573334BD-RjUL20211209082401.0170530s1960 xx 001 0 eng  a(BD-RjUL)73552 aDLCcFMUdBD-RjULbeng aeng a621.4838223bRAD 196010aRadioactive wastes : btheir treatment and disposal /cWith a foreword by Alexander Fleck. aNew York :bWiley,cc1960. a239 p. :bill. ;c23 cm. aIncludes bibliography. 0aRadioactive waste disposal. aCollins, John Charles, aFleck, Alexander